ՀՀ Գիտությունների ազգային ակադեմիայի հիմնարար գիտական գրադարան  =   Fundamental Scientific Library of NAS RA

Ուղեցույց Գրականության և արվեստի թանգարանի երաժշտական ֆոնդերի / (Record no. 2315)

MARC details
000 -LEADER
fixed length control field 00975nam a2200229 a 4500
001 - CONTROL NUMBER
control field 000009627
003 - CONTROL NUMBER IDENTIFIER
control field AM-YEHGA
005 - DATE AND TIME OF LATEST TRANSACTION
control field 20250618070716.0
008 - FIXED-LENGTH DATA ELEMENTS--GENERAL INFORMATION
fixed length control field 030211s1969 ai 000 | arm d
040 ## - CATALOGING SOURCE
Original cataloging agency AM-YeHGA
041 0# - LANGUAGE CODE
Language code of text/sound track or separate title arm
090 ## - LOCALLY ASSIGNED LC-TYPE CALL NUMBER (OCLC); LOCAL CALL NUMBER (RLIN)
-- 2337
110 2# - MAIN ENTRY--CORPORATE NAME
Corporate name or jurisdiction name as entry element Գրականության և արվեստի թանգարան
245 10 - TITLE STATEMENT
Title Ուղեցույց Գրականության և արվեստի թանգարանի երաժշտական ֆոնդերի /
Statement of responsibility, etc. Կազմ.՝ Ք. Գրիգորյան ; ՀՍՍՀ Կուլտ. մինիստր., ԳԱԹ.
260 ## - PUBLICATION, DISTRIBUTION, ETC.
Place of publication, distribution, etc. Երևան :
Name of publisher, distributor, etc. Ա. հ.,
Date of publication, distribution, etc. 1969.
300 ## - PHYSICAL DESCRIPTION
Extent 121 էջ ;
Dimensions 20 սմ.
504 ## - BIBLIOGRAPHY, ETC. NOTE
Bibliography, etc. note Մատենագիտ. տողատ. ծանոթ. և ցանկեր՝ էջ 97-118
650 14 - SUBJECT ADDED ENTRY--TOPICAL TERM
Topical term or geographic name entry element Գրականագիտություն
Form subdivision Ուղեցույց
700 1# - ADDED ENTRY--PERSONAL NAME
Personal name Գրիգորյան, Քնարիկ Գևորգի,
Dates associated with a name 1920-1999
Relator term կազմ.
Relationship com
9 (RLIN) 9049
710 2# - ADDED ENTRY--CORPORATE NAME
Corporate name or jurisdiction name as entry element Կուլտուրայի մինիստրություն ՀՍՍՀ
942 ## - ADDED ENTRY ELEMENTS (KOHA)
Koha item type Գրքեր / Books
Holdings
Withdrawn status Lost status Source of classification or shelving scheme Damaged status Not for loan Collection Home library Current library Date acquired Total checkouts Full call number Barcode Date last seen Price effective from Koha item type Public note
    Universal Decimal Classification     General Fundamental Scientific Library Fundamental Scientific Library 21/12/2016   AII/49918 220049918 21/12/2016 21/12/2016 Գրքեր / Books 30 Days Loan


ՀՀ ԳԱԱ հիմնարար գիտական գրադարան
ՀՀ,Երևան 0019
Մարշալ Բաղրամյան 24/6
հեռախոս:(374-10) 52-47-50
Հետադարձ կապ

All site content, except where otherwise noted, is licensed under a
Creative Commons License